000 00478nam a2200169 i 4500
001 40267
003 ES-MaACL
005 20251206063028.0
007 t|
008 030305s1978 sp ||||1| spa d
100 1 _aRodríguez Carrasco, Manuel
_935531
245 1 0 _aCanto ciego /
_cManuel Carrasco.
260 _a[Madrid] :
_bNuevo Sendero,
_c[1978]
300 _a77 p. :
_bil. retr. aut. ;
_c21 cm.
852 _aES-MaACL
_jA-9540
_bR.98510
999 _c40267
_d40267